[Event "ch-FRA National A"]
[Site "Nimes FRA"]
[Date "2009.08.18"]
[Round "8"]
[White "Tkachiev,V"]
[Black "Sokolov,And1"]
[Result "1-0"]
[WhiteElo "2650"]
[BlackElo "2570"]

1.d4 Nf6 2.c4 e6 3.Nf3 d5 4.Nc3 Be7 5.Bf4 O-O 6.e3 c5 7.dxc5 Bxc5 8.Qc2 Nc6
9.Rd1 Qa5 10.a3 Be7 11.Be2 dxc4 12.Bxc4 e5 13.Bg3 Bg4 14.O-O Rac8 15.Nd5 b5
16.Ng5 g6 17.Be2 Nd4 18.Nxe7+ Kg7 19.Nxc8 Nxc2 20.Bxg4 Nxg4 21.Nd6 h6 22.Nge4 b4
23.axb4 Nxb4 24.h3 f5 25.hxg4 fxe4 26.Nxe4 Nc6 27.Rd6 Nd8 28.b4 Qb5 29.Ra1 Nc6
30.Rc1 Qxb4 31.f3 Ne7 32.Rc7 Kf7 33.Rdd7 Ke6 34.Rb7 Qa3 35.Rxa7 Qxe3+ 36.Bf2 Qc1+
37.Kh2 Nc8 38.Nc5+  1-0

[Event "Open A"]
[Site "Panevezys LTU"]
[Date "2009.08.18"]
[Round "3"]
[White "Malinin,Y"]
[Black "Rimeikis,A"]
[Result "1-0"]
[WhiteElo "2319"]
[BlackElo "1988"]

1.d4 d5 2.c4 e6 3.Nf3 Nf6 4.Nc3 Be7 5.Bf4 c6 6.e3 O-O 7.Rc1 Nbd7 8.h3 Re8
9.Bd3 dxc4 10.Bxc4 b5 11.Bd3 Bb7 12.O-O a6 13.Ne4 Nxe4 14.Bxe4 Qb6 15.Ne5 Nxe5
16.Bxe5 Rac8 17.Qg4 Bf8 18.Bf6 g6 19.Qf3 Ba8 20.Rc2 c5 21.dxc5 Bxe4 22.Qxe4 Qc6
23.Qe5 a5 24.Rd1 b4 25.Rd4 Qb7 26.Rcc4 Rc6 27.Rh4 h6 28.Qf4 e5 29.Bxe5 g5
30.Qxg5+ Rg6 31.c6 Qb5 32.Qf4 Rxe5 33.c7 Qb7 34.Rg4 Re8 35.Qf5 Qc8 36.Rxg6+ fxg6
37.Qxg6+ Bg7 38.Qxe8+  1-0

[Event "Open A"]
[Site "Panevezys LTU"]
[Date "2009.08.18"]
[Round "3"]
[White "Rogule,L"]
[Black "Labuckas,A"]
[Result "1/2-1/2"]
[WhiteElo "2255"]
[BlackElo "2322"]

1.c4 e6 2.Nc3 d5 3.d4 Nf6 4.Nf3 Be7 5.Bf4 O-O 6.e3 c5 7.dxc5 Bxc5 8.cxd5 exd5
9.a3 Nc6 10.Rc1 Bg4 11.Be2 Bd6 12.Bxd6 Qxd6 13.O-O Rad8 14.Nb5 Qe7 15.Nfd4 Bxe2
16.Qxe2 Nxd4 17.Nxd4 Rfe8 18.Rc2 g6 19.Rfc1 Rd7 20.h3 Qe4 21.Rc8 Rxc8 22.Rxc8+ Kg7
23.Qb5 Qe7 24.Qa5 Ne4 25.Qxa7 Qf6 26.Rc2 Rc7 27.Qa4 Rc4 28.Qb3 Nc5 29.Qb5 Nd3
30.Qb3 Nc5 31.Qb5 Nd3  1/2-1/2

[Event "BDO Premier"]
[Site "Haarlem NED"]
[Date "2009.08.20"]
[Round "6"]
[White "Steingrimsson,H"]
[Black "Zumsande,M"]
[Result "1/2-1/2"]
[WhiteElo "2544"]
[BlackElo "2403"]

1.c4 e6 2.Nc3 d5 3.d4 Be7 4.Nf3 Nf6 5.Bf4 O-O 6.e3 c5 7.dxc5 Bxc5 8.a3 Nc6
9.Qc2 Qa5 10.Rd1 Be7 11.Be2 dxc4 12.Bxc4 Nh5 13.Bd6 Bxd6 14.Rxd6 Rd8 15.Rxd8+ Qxd8
16.O-O Nf6 17.Rd1 Bd7 18.e4 Qc7 19.Bf1 a6 20.Qe2 Ne5 21.Nxe5 Qxe5 22.f3 Bc6
23.Qf2 Qc7 24.Qd4 Rc8 25.Rd2 h6 26.g3 Nd7 27.Kf2 Ne5 28.Be2 Be8 29.f4 Nc6
30.Qc5 Rd8 31.Ke3 Rxd2 32.Kxd2 Qd8+ 33.Bd3 e5 34.Nd5 exf4 35.gxf4 Qh4 36.Qg1 Bd7
37.Qg3 Qd8 38.Nc3 Be6 39.Kc1 b5 40.Qe3 b4 41.axb4 Nxb4 42.Bb1 Nc6 43.e5 Nd4
44.Be4 Qb6 45.Kb1 Qb4 46.Qd3 a5 47.Bd5 Bf5 48.Be4 Be6 49.Bd5 Bf5  1/2-1/2

[Event "9th UIL&UL GM"]
[Site "Dahka BAN"]
[Date "2009.08.21"]
[Round "1"]
[White "Islam,Kh"]
[Black "Hamal,M"]
[Result "0-1"]
[WhiteElo "2316"]
[BlackElo "2086"]

1.d4 d5 2.c4 e6 3.Nf3 Nf6 4.Nc3 Be7 5.Bf4 O-O 6.e3 b6 7.Rc1 dxc4 8.Bxc4 c5
9.d5 exd5 10.Nxd5 Nc6 11.O-O Nxd5 12.Bxd5 Bb7 13.e4 Qc8 14.Re1 Nb4 15.Bc4 Ba6
16.Qb3 b5 17.Bf1 c4 18.Qa3 Qb7 19.Qa5 Nc6 20.Qc7 Rac8 21.Qxb7 Bxb7 22.Red1 Rfd8
23.Be2 Rxd1+ 24.Rxd1 Rd8 25.Re1 Nb4 26.a3 Nc2 27.Rc1 Bxe4 28.a4 a6 29.Nd2 Nd4
30.Bf1 Bc2 31.axb5 axb5 32.Be3 Ba4 33.Nxc4 Nb3 34.Re1 Bb4 35.Rb1 bxc4 36.Bxc4 Nd2
37.Bxd2 Rxd2 38.b3 Bc6 39.f3 Bc5+ 40.Kh1 Rc2 41.h3 Be3  0-1

[Event "XXI Festival Open A"]
[Site "Porto San Giorgio ITA"]
[Date "2009.08.21"]
[Round "1"]
[White "Maiorov,N1"]
[Black "Sarro,E"]
[Result "1-0"]
[WhiteElo "2513"]
[BlackElo "2024"]

1.d4 e6 2.c4 d5 3.Nf3 Nf6 4.Nc3 Be7 5.Bf4 c6 6.e3 O-O 7.h3 Nbd7 8.Qc2 Re8
9.a3 Nf8 10.Bd3 Bd6 11.Bxd6 Qxd6 12.O-O h6 13.Rfd1 Qe7 14.e4 dxe4 15.Nxe4 Nxe4
16.Bxe4 f5 17.Bd3 Qf6 18.c5 g5 19.Ne5 Ng6 20.Re1 Nxe5 21.dxe5 Qg7 22.Rad1 Bd7
23.Bc4 Rad8 24.Rd6 Bc8 25.Qxf5 Rxd6 26.exd6 Kh8 27.Qe5 Qxe5 28.Rxe5 Bd7 29.g3 Kg7
30.Kg2 Kf6 31.f4 Rg8 32.Kf2 gxf4 33.gxf4 b6 34.b4 b5 35.Bb3 a5 36.Rh5 Kg6
37.Rh4 Ra8 38.Bc2+ Kg7 39.Rg4+ Kh8 40.Ke3 axb4 41.axb4 Ra3+ 42.Kd4 Rxh3 43.Ke5 Rh5+
44.Kf6 e5 45.Rg7  1-0

[Event "16th Vienna Open"]
[Site "Vienna AUT"]
[Date "2009.08.21"]
[Round "7"]
[White "Demuth,A"]
[Black "Jirovec,A"]
[Result "1-0"]
[WhiteElo "2339"]
[BlackElo "2075"]

1.d4 d5 2.c4 e6 3.Nf3 Nf6 4.Nc3 Be7 5.Bf4 c6 6.e3 Nbd7 7.c5 O-O 8.h3 h6 9.Bd3 Re8
10.O-O Bf8 11.b4 a6 12.Re1 b6 13.Rb1 Bb7 14.Qc2 b5 15.a4 Qc8 16.Rec1 bxa4
17.Nxa4 Ra7 18.Nc3 Be7 19.Ra1 Ra8 20.Ra2 Bd8 21.Rca1 Kh8 22.Qe2 Bc7 23.Bxc7 Qxc7
24.Bxa6 Bxa6 25.Rxa6 Rxa6 26.Qxa6 e5 27.b5 exd4 28.exd4 cxb5 29.Nxb5 Qf4
30.c6 Nb8 31.Qb7 Nxc6 32.Qxc6 Re2 33.Rf1 Ne4 34.Qc7 Qf6 35.Qb8+ Kh7 36.Qe5 Qc6
37.Qf5+ Kg8 38.Qxf7+ Kh8 39.Nc7 Nf6 40.Ne5  1-0

[Event "XXVI Open A"]
[Site "Collado Villalba ESP"]
[Date "2009.08.22"]
[Round "2"]
[White "Vazquez Igarza,R"]
[Black "Bote,V"]
[Result "1/2-1/2"]
[WhiteElo "2570"]
[BlackElo "2190"]

1.d4 d5 2.c4 e6 3.Nc3 Be7 4.Nf3 Nf6 5.Bf4 O-O 6.e3 c5 7.dxc5 Bxc5 8.cxd5 exd5
9.Be2 Nc6 10.O-O a6 11.Rc1 Ba7 12.Ne5 Nxe5 13.Bxe5 Be6 14.Bf3 Bb8 15.Bd4 Qd6
16.g3 Rd8 17.Bxf6 gxf6 18.Nxd5 Bxd5 19.Bxd5 Qxd5 20.Qxd5 Rxd5 21.Rc8+ Kg7
22.Rfc1 Rd2 23.Re8 Rxf2 24.Rxb8 Rxb8 25.Kxf2 Rd8 26.Ke2 Rd5 27.Rc7 Rb5 28.b3 Rh5
29.h4 Rb5 30.Kd3 Rb4 31.Kc3 Re4 32.Kd3 Rb4 33.e4 h5 34.Re7 Kg6 35.Kc3 Rb6
36.Rc7 f5 37.exf5+ Kxf5 38.Rxf7+ Ke4 39.Rg7 Rc6+ 40.Kb2  1/2-1/2

[Event "XXVI Open A"]
[Site "Collado Villalba ESP"]
[Date "2009.08.22"]
[Round "2"]
[White "Barria Zuniga,D"]
[Black "Pastor Alonso de Prado,E"]
[Result "1-0"]
[WhiteElo "2426"]
[BlackElo "2174"]

1.d4 d5 2.c4 e6 3.Nf3 Nf6 4.Nc3 Be7 5.Bf4 c5 6.dxc5 Qa5 7.cxd5 exd5 8.a3 Qxc5
9.e3 a6 10.Be2 O-O 11.O-O Nc6 12.Rc1 Qa5 13.Qb3 Ra7 14.Rfd1 Be6 15.Ng5 Qd8
16.e4 Na5 17.Qa2 d4 18.Nxe6 fxe6 19.Qxe6+ Kh8 20.g3 b5 21.e5 Qd7 22.Qxd7 Nxd7
23.Nd5 g5 24.Bd2 Nb3 25.Nxe7 Nxc1 26.Bxc1 Nxe5 27.Bxg5 d3 28.Bh5 Rd7 29.b3  1-0

[Event "9th UIL&UL GM"]
[Site "Dahka BAN"]
[Date "2009.08.23"]
[Round "3"]
[White "Islam,Kh"]
[Black "Hasan Md,E"]
[Result "1/2-1/2"]
[WhiteElo "2316"]
[BlackElo "2130"]

1.Nf3 Nf6 2.d4 d5 3.c4 e6 4.Nc3 Be7 5.Bf4 O-O 6.e3 c6 7.h3 Nbd7 8.a3 Re8
9.Qc2 Nf8 10.Bd3 b6 11.cxd5 exd5 12.O-O Ng6 13.Bh2 Bd6 14.b4 Bxh2+ 15.Kxh2 Qe7
16.Bf5 Bxf5 17.Qxf5 Qd6+ 18.Kg1 Ne4 19.Nxe4 dxe4 20.Nd2 Qd5 21.Qxd5 cxd5
22.Rac1 Rac8 23.Nb1 Ne7 24.Nc3 a6 25.Na4 Rxc1 26.Rxc1 Rc8 27.Rb1 Rb8 28.f3 f5
29.Kf2 Kf7 30.h4 Ke6 31.Rc1 Kd6 32.Kg3 g6 33.Kf4 h6 34.Rc2 Rb7 35.b5 a5 36.g4 Ke6
37.gxf5+ gxf5 38.h5 Kf6 39.Rc1 Ke6 40.Rg1 Kf6 41.Rc1 Ke6 42.Rc2 Kf6 43.Rc1 Ke6
44.Rc2  1/2-1/2

[Event "XXVI Open A"]
[Site "Collado Villalba ESP"]
[Date "2009.08.24"]
[Round "4"]
[White "Barria Zuniga,D"]
[Black "Martinez Rodriguez,P1"]
[Result "1/2-1/2"]
[WhiteElo "2426"]
[BlackElo "2213"]

1.d4 d5 2.c4 e6 3.Nf3 Nf6 4.Nc3 Be7 5.Bf4 O-O 6.e3 c5 7.dxc5 Bxc5 8.a3 dxc4
9.Bxc4 Qxd1+ 10.Rxd1 a6 11.b4 Be7 12.Bd6 Bxd6 13.Rxd6 b5 14.Bb3 Bb7 15.Ke2 Rc8
16.Rc1 Kf8 17.Rdd1 Nbd7 18.Ne1 Nb6 19.Nd3 Nc4 20.Bxc4 Rxc4 21.f3 Nd7 22.Nb2 Rc7
23.Na2 Rxc1 24.Rxc1  1/2-1/2

[Event "XI Sants Open"]
[Site "Barcelona ESP"]
[Date "2009.08.29"]
[Round "9"]
[White "Pogorelov,R"]
[Black "Ryan,Jo"]
[Result "1-0"]
[WhiteElo "2441"]
[BlackElo "2292"]

1.Nf3 Nf6 2.c4 e6 3.Nc3 d5 4.d4 Be7 5.Bf4 O-O 6.e3 c5 7.dxc5 Bxc5 8.cxd5 Nxd5
9.Nxd5 exd5 10.a3 Nc6 11.Bd3 Bb6 12.O-O d4 13.e4 Bg4 14.h3 Qf6 15.hxg4 Qxf4
16.Nh2 Ne5 17.g3 Qh6 18.Kg2 Qe6 19.f4 Nxd3 20.Qxd3 f6 21.f5 Qf7 22.Nf3 h6
23.Nh4 Rfd8 24.Ng6 Rac8 25.Rac1  1-0

[Event "XIX EYCC Girls U16"]
[Site "Fermo ITA"]
[Date "2009.08.31"]
[Round "1"]
[White "Aguiar,M"]
[Black "Fur,K"]
[Result "0-1"]
[WhiteElo "1418"]
[BlackElo "1925"]

1.c4 e6 2.Nc3 d5 3.d4 Be7 4.Nf3 Nf6 5.Bf4 O-O 6.Rc1 c6 7.e3 Nbd7 8.Bd3 dxc4
9.Bxc4 Nb6 10.Bd3 Nbd5 11.Nxd5 exd5 12.O-O Bg4 13.h3 Bh5 14.Re1 Re8 15.a3 Qb6
16.b4 a5 17.Rb1 axb4 18.axb4 Ra2 19.Qb3 Rea8 20.Rb2 R8a3 21.Bxh7+ Nxh7 22.Qc2 Rxb2
23.Qxb2 Qxb4 24.Qxb4 Bxb4 25.Rb1 Ra4 26.Ne5 Bg6 27.Rb2 Nf6 28.f3 Kf8 29.g4 Ke8
30.h4 Nd7 31.g5 Nxe5 32.Bxe5 Kf8 33.Kg2 b5 34.Kg3 Bh5 35.Rc2 Ra6 36.e4 dxe4
37.fxe4 Ra3+ 38.Kh2 Rc3 39.Rxc3 Bxc3 40.Bd6+ Ke8 41.d5 cxd5 42.exd5 b4 43.Kg3 b3
44.Ba3 b2 45.Bxb2 Bxb2 46.Kf4 Kd7  0-1

[Event "XIX EYCC Boys U16"]
[Site "Fermo ITA"]
[Date "2009.09.03"]
[Round "4"]
[White "Aghasaryan,R"]
[Black "Javakhadze,Z"]
[Result "1/2-1/2"]
[WhiteElo "2240"]
[BlackElo "2309"]

1.d4 d5 2.c4 e6 3.Nc3 Be7 4.Nf3 Nf6 5.Bf4 c5 6.dxc5 Bxc5 7.a3 Nc6 8.e3 O-O
9.Qc2 Qa5 10.Nd2 Bb4 11.Rc1 Bxc3 12.Qxc3 Qxc3 13.Rxc3 e5 14.Bg5 d4 15.Rc1 Ng4
16.h3 dxe3 17.fxe3 h6 18.hxg4 hxg5 19.Be2 Nd8 20.Ne4 Ne6 21.c5 Bd7 22.O-O Rac8
23.b4 b6 24.Nd6 Rc7 25.cxb6 Rxc1 26.Rxc1 axb6 27.Bf3 Rd8 28.Bd5 Rb8 29.Nc4 Kf8
30.Nxe5 Be8 31.Bxe6 fxe6 32.Rc7 Ra8 33.Nc4 b5 34.Nd6 Rd8 35.Nxe8 Rxe8 36.Kf2 Ra8
37.Rc3 Ke7 38.Ke2 Kd6 39.Kd3 Ke5 40.Kc2 Ke4 41.Kb3 e5 42.Rc5 Rb8 43.a4 bxa4+
44.Kxa4 Re8 45.Rc3 Ra8+ 46.Kb3 Rb8 47.Ka3 Ra8+ 48.Kb2 Kd5 49.b5 Rb8 50.Rb3 Kc5
51.Kc3 Rxb5 52.Rxb5+ Kxb5 53.Kd3 Kc5 54.Ke4 Kd6 55.Kf5 Kd5 56.g3 g6+ 57.Kxg6 Ke4
58.Kxg5 Kxe3 59.Kf5 e4 60.g5 Kf3 61.g6 e3 62.g7 e2 63.g8=Q e1=Q 64.Qb3+ Kg2
65.g4 Qa5+ 66.Kg6 Qa6+ 67.Kg7 Qa7+ 68.Kh6 Qa6+  1/2-1/2

[Event "XIX EYCC Boys U18"]
[Site "Fermo ITA"]
[Date "2009.09.03"]
[Round "4"]
[White "Jendrichovsky,P"]
[Black "Goumas,G"]
[Result "0-1"]
[WhiteElo "2147"]
[BlackElo "2315"]

1.d4 Nf6 2.c4 e6 3.Nf3 d5 4.Nc3 Be7 5.Bf4 O-O 6.e3 c6 7.c5 Nbd7 8.Bd3 b6
9.b4 a5 10.a3 Ba6 11.Bxa6 Rxa6 12.b5 cxb5 13.c6 Qc8 14.c7 b4 15.Nb5 Ne4 16.Rc1 a4
17.Nd2 e5 18.Nxe4 dxe4 19.Bxe5 Nxe5 20.dxe5 Bc5 21.Qd5 bxa3 22.O-O Qa8 23.Qd7 Qc8
24.Rfd1 Qxd7 25.Rxd7 Raa8 26.Nd6 h6 27.Nxe4 Rfc8 28.Nd6 Bxd6 29.exd6 b5 30.Re7 b4
31.d7 b3 32.dxc8=Q+ Rxc8 33.Rd7 b2 34.Rd8+ Kh7 35.Rf1 Rxc7 36.Rb8 Rc1  0-1

[Event "ch-RUS HL"]
[Site "Ulan Ude RUS"]
[Date "2009.09.03"]
[Round "2"]
[White "Khairullin,I"]
[Black "Zvjaginsev,V"]
[Result "1/2-1/2"]
[WhiteElo "2604"]
[BlackElo "2635"]

1.d4 d5 2.c4 e6 3.Nf3 Nf6 4.Nc3 Be7 5.Bf4 c5 6.dxc5 Na6 7.e3 Nxc5 8.cxd5 Nxd5
9.Nxd5 exd5 10.Be5 O-O 11.Be2 Bf5 12.O-O Be4 13.Qd2 Qb6 14.Rac1 Qg6 15.Bg3 Qb6
16.Be5 Qg6 17.Bg3 Qb6 18.Nd4 a6 19.Rc3 Bf6 20.Rfc1 Bxd4 21.exd4 Ne6 22.Rd1 Rfc8
23.f3 Bf5 24.Bf1 h6 25.Bf2 Rxc3 26.Qxc3 Re8 27.Re1 Bg6 28.Rc1 Re7 29.Qd2 Rc7
30.Rxc7 Qxc7 31.h4 Qc2 32.Qxc2  1/2-1/2

[Event "XIX EYCC Girls U16"]
[Site "Fermo ITA"]
[Date "2009.09.08"]
[Round "8"]
[White "Vince,A"]
[Black "Kolaric,S"]
[Result "1-0"]
[WhiteElo "2092"]
[BlackElo "1914"]

1.c4 e6 2.d4 d5 3.Nf3 Be7 4.Nc3 Nf6 5.Bf4 O-O 6.e3 Nbd7 7.c5 c6 8.Bd3 b6
9.b4 a5 10.a3 Ba6 11.Bxa6 Rxa6 12.b5 cxb5 13.c6 Qc8 14.c7 b4 15.Nb5 bxa3
16.O-O Nh5 17.Be5 f6 18.Bg3 Nxg3 19.hxg3 Re8 20.Qc2 Nf8 21.Rfc1 Kf7 22.Qc6 Nd7
23.e4 dxe4 24.Nd2 f5 25.Nc4  1-0

[Event "4th Kolkata Open"]
[Site "Kolkata IND"]
[Date "2009.09.08"]
[Round "8"]
[White "Le Quang Liem"]
[Black "Laznicka,V"]
[Result "1/2-1/2"]
[WhiteElo "2602"]
[BlackElo "2634"]

1.d4 d5 2.c4 e6 3.Nf3 Nf6 4.Nc3 Be7 5.Bf4 O-O 6.e3 Nbd7 7.Be2 dxc4 8.Bxc4 a6
9.a4 c5 10.O-O cxd4 11.Qxd4 Nb6 12.Bb3 Qxd4 13.Nxd4 Bd7 14.Rfd1 Rac8 15.Nf3 Rfd8
16.Bd6 Kf8 17.a5 Nc4 18.Bxc4 Rxc4 19.Ne5 Rcc8 20.f3 Be8 21.Bxe7+ Kxe7 22.Rxd8 Rxd8
23.e4 Rd2 24.Nc4 Rd4  1/2-1/2

[Event "ch-RUS HL"]
[Site "Ulan Ude RUS"]
[Date "2009.09.11"]
[Round "9"]
[White "Potkin,V"]
[Black "Landa,K"]
[Result "1/2-1/2"]
[WhiteElo "2606"]
[BlackElo "2655"]

1.d4 d5 2.c4 e6 3.Nc3 Be7 4.Nf3 Nf6 5.Bf4 O-O 6.e3 Nbd7 7.a3 c5 8.cxd5 Nxd5
9.Nxd5 exd5 10.dxc5 Nxc5 11.Be5 Bf5 12.Be2 Bf6 13.O-O Be4 14.Bxf6 Qxf6 15.Qd4 Nb3
16.Qxf6 gxf6 17.Rad1 Rac8 18.Bd3 Rfd8 19.Nh4 Kf8 20.Nf5 Nc5 21.Bxe4 dxe4
22.g4 Nd3 23.Rd2 Ne5 24.Rxd8+ Rxd8 25.Rc1 Ke8 26.h3 Rd2 27.b4 Rxf2 28.Kxf2 Nd3+
29.Ke2 Nxc1+ 30.Kd2 Nd3 31.Nd6+ Ke7 32.Nxb7 Ke6 33.Nd8+ Kd5 34.Nxf7 Nf2 35.Nh6 Nxh3
36.Ng8 Ke6 37.b5 Nf2 38.Nh6 Kd5 39.a4 Kc5 40.Ke2 Nh3 41.Ng8 Kb4 42.Nxf6 Ng5
43.Nd5+ Kxa4 44.b6 axb6 45.Nxb6+  1/2-1/2

[Event "4th Xtracon Skovbo"]
[Site "Borup DEN"]
[Date "2009.09.12"]
[Round "7"]
[White "Molvig,H"]
[Black "Teplyi,I"]
[Result "1/2-1/2"]
[WhiteElo "2171"]
[BlackElo "2284"]

1.d4 d5 2.c4 e6 3.Nc3 Be7 4.Nf3 Nf6 5.Bf4 O-O 6.e3 Nbd7 7.c5 c6 8.Bd3 b6
9.b4 a5 10.a3 Bb7 11.h3 Qc8 12.O-O Ba6 13.Rb1 axb4 14.axb4 Bxd3 15.Qxd3 Qb7
16.Rfc1 Ra7 17.Nd2 Rfa8 18.Qc2 b5 19.Nb3 Bd8 20.f3 Nh5 21.Bd6 Bg5 22.Re1 Bh4
23.Red1 Bg3 24.Bxg3 Nxg3 25.Na5 Qc7 26.Qf2 Nf5 27.e4 Ne7 28.Ra1 Nb8 29.exd5 exd5
30.Re1 Kf8 31.Re2 Na6 32.Rxe7 Kxe7 33.Qh4+ Kf8 34.Qxh7 f6 35.Re1 Qd7 36.Nb7 Rxb7
37.Qh8+ Kf7 38.Qxa8 Nxb4 39.Qh8 Kg6 40.g4 Kf7 41.Qh5+ Kf8 42.Qh8+  1/2-1/2

[Event "ch-RUS HL"]
[Site "Ulan Ude RUS"]
[Date "2009.09.12"]
[Round "10"]
[White "Khismatullin,D"]
[Black "Riazantsev,A"]
[Result "1/2-1/2"]
[WhiteElo "2614"]
[BlackElo "2646"]

1.d4 d5 2.c4 e6 3.Nf3 Nf6 4.Nc3 Be7 5.Bf4 O-O 6.e3 Nbd7 7.Qc2 c5 8.dxc5 Nxc5
9.Be2 dxc4 10.Bxc4 a6 11.Rd1 Qa5 12.Rd4 b5 13.b4 Qxb4 14.Bxb5 Qa3 15.Bc6 Bb7
16.Ne5 Rac8 17.Nc4 Qb4 18.Nd6 Qa3 19.Nc4 Qb4 20.Nd6 Qa3  1/2-1/2

[Event "ch-NED w"]
[Site "Haaksbergen NED"]
[Date "2009.09.14"]
[Round "3"]
[White "Bensdorp,M"]
[Black "Munnik,T"]
[Result "1-0"]
[WhiteElo "2325"]
[BlackElo "2009"]

1.d4 d5 2.c4 e6 3.Nc3 Nf6 4.Nf3 Be7 5.Bf4 O-O 6.e3 Re8 7.Bd3 b6 8.cxd5 exd5
9.O-O Bb7 10.Ne5 a6 11.Qf3 c5 12.Rac1 Nbd7 13.Rfd1 Ra7 14.Qh3 Nf8 15.dxc5 bxc5
16.Ng4 Bc6 17.Ne5 Ba8 18.Bc2 Bd6 19.Nd3 c4 20.Bxd6 cxd3 21.Ba4 Qxd6 22.Bxe8 Nxe8
23.Rxd3 Rc7 24.Rcd1 Qg6 25.f3 Nf6 26.Qg3 Qxg3 27.hxg3 Bb7 28.g4 h6 29.Kf2 Ne6
30.R3d2 Kf8 31.Kg3 Ke7 32.Rc1 Nc5 33.Rd4 Ncd7 34.Rb4 Kd8 35.Rd1 Kc8 36.Rd2 Ne5
37.Kf2 Nc4 38.Rc2 Nd7 39.b3 Nc5 40.Rxb7 Rxb7 41.Nxd5 Rd7 42.e4 Kb7 43.Rxc4 Nd3+
44.Ke3 Ne5 45.Rc2 Nc6 46.g3 Ne5 47.Rc1 Nc6 48.Rc5 Nd8 49.Nf4 Nc6 50.Nd3 Re7
51.g5 hxg5 52.Rxg5 f6 53.Rd5 Kb6 54.f4 Kc7 55.g4 g6 56.Nc5 a5 57.Nd3 Rh7
58.Nf2 Re7 59.g5 f5 60.e5 Rh7 61.Rd6 Ne7 62.Ra6 Nc6 63.Ra8 Kb6 64.Rg8 Ne7
65.Rd8 Kb5 66.a3 Kc6 67.Rd6+ Kc7 68.b4 axb4 69.axb4 Rh8 70.Kd4 Rh4 71.Nd3 Rh1
72.b5 Rb1 73.Kc5 Rb3 74.b6+ Kc8 75.Nb4 Rc3+ 76.Kb5 Rb3 77.Kc4 Rf3 78.Nd3 Rh3
79.b7+ Kc7 80.Nc5 Nc6 81.Rxc6+  1-0

[Event "TCh-ROU Superliga"]
[Site "Eforie Nord ROU"]
[Date "2009.09.22"]
[Round "4"]
[White "Itkis,B"]
[Black "Ciobanu,V"]
[Result "1-0"]
[WhiteElo "2438"]
[BlackElo "2280"]

1.Nf3 d5 2.d4 Nf6 3.c4 e6 4.Nc3 Be7 5.Bf4 O-O 6.e3 c6 7.h3 Nbd7 8.Rc1 Ne4
9.Bd3 f5 10.Qb3 Ndf6 11.O-O h6 12.Bh2 g5 13.Qd1 Bd7 14.Ne5 Be8 15.f3 Nxc3
16.bxc3 b5 17.c5 Qc8 18.a4 a6 19.Ra1 Nd7 20.Nxd7 Bxd7 21.Be5 Bf6 22.Bd6 Re8
23.f4 Re7 24.Bxe7 Bxe7 25.g4 Qc7 26.Ra2 Rf8 27.gxf5 exf5 28.axb5 axb5 29.Rg2 g4
30.hxg4 fxg4 31.f5 Bg5 32.Rxg4 Be8 33.f6 Kh8 34.Rxg5 hxg5 35.Qg4 Qf7 36.Rf2  1-0

[Event "18th TCh-CRO"]
[Site "Sibenik CRO"]
[Date "2009.09.22"]
[Round "2"]
[White "Kozul,Z"]
[Black "Sale,S"]
[Result "1-0"]
[WhiteElo "2588"]
[BlackElo "2402"]

1.d4 Nf6 2.c4 e6 3.Nf3 d5 4.Nc3 Be7 5.Bf4 O-O 6.e3 c5 7.dxc5 Bxc5 8.Qc2 Nc6
9.a3 Qa5 10.Rd1 Ne4 11.cxd5 Nxc3 12.Qxc3 Qxc3+ 13.bxc3 exd5 14.Rxd5 Bxa3
15.Nd4 Nxd4 16.exd4 Be6 17.Rb5 Rfc8 18.Kd2 b6 19.Bd3 Bf8 20.Be4 Bd7 21.Rb3 Bc6
22.Bxc6 Rxc6 23.Ra1 a5 24.Kd3 Rac8 25.Ra4 Rd8 26.g3 f5 27.Rb5 g6 28.Be5 Rdc8
29.Rb3 Kf7 30.f4 Ke8 31.h4 Kd7 32.d5 Rc5 33.c4 b5 34.Rxb5 Rxb5 35.cxb5 Rc5
36.Rxa5 Rxd5+ 37.Kc4 Rc5+ 38.Kd4 Rc1 39.Ra7+ Ke6 40.Ra6+ Kd7 41.Ra7+ Ke6
42.Rxh7 Bc5+ 43.Kd3 Rd1+ 44.Kc4 Rc1+ 45.Kb3 Rb1+ 46.Kc4 Rc1+ 47.Kd3 Rd1+
48.Kc2 Rg1 49.h5 gxh5 50.b6 Kd5 51.Rd7+ Kc6 52.b7 Ba7 53.Rc7+ Kd5 54.Rc3 Rg2+
55.Kb3 Rg1 56.Ka2  1-0

[Event "TCh-ROU Superliga"]
[Site "Eforie Nord ROU"]
[Date "2009.09.23"]
[Round "5"]
[White "Nanu,C"]
[Black "Miron,L"]
[Result "1-0"]
[WhiteElo "2500"]
[BlackElo "2491"]

1.d4 d5 2.Nf3 e6 3.c4 Nf6 4.Nc3 Be7 5.Bf4 O-O 6.e3 c5 7.dxc5 Bxc5 8.cxd5 exd5
9.Be2 Nc6 10.O-O Be6 11.Rc1 Rc8 12.Ne5 Bd6 13.Nxc6 bxc6 14.Bxd6 Qxd6 15.Qa4 c5
16.Rfd1 Qb6 17.Qa3 d4 18.Na4 Qa5 19.b3 dxe3 20.Rxc5 exf2+ 21.Kf1 Rxc5 22.Qxc5 Qxc5
23.Nxc5 Nd5 24.Kxf2 Nc3 25.Rd2 Bf5 26.Bf3 h6 27.b4 Rb8 28.a3 Nb1 29.Rd5 Bg6
30.Nd7 Rc8 31.Ra5 Rc7 32.Ne5 Kh7 33.Nxg6 fxg6 34.Be4 Nc3 35.Bd3 Rd7 36.Ke3 Nd5+
37.Kf3 Nxb4 38.Be4 Nd3 39.Rd5 Rf7+ 40.Ke3 Nb2 41.h4 Nc4+ 42.Kd4 Nxa3 43.h5 Rf8
44.hxg6+ Kh8 45.Rd7 a6 46.Kd3 Nb5 47.Bb7 Na7 48.Bd5 Nc8 49.Bf7 Nb6 50.Rd6 Nc8
51.Re6 Rd8+ 52.Kc4 Nd6+ 53.Kc5 Nf5 54.g4 Nh4 55.Rxa6 Nf3 56.Re6 Ng5 57.Re3 Rf8
58.Bd5 Rd8 59.Kc6 Rf8 60.Kc7 h5 61.Re5 Nh7 62.Rxh5 Rc8+ 63.Kb6  1-0

[Event "18th TCh-CRO"]
[Site "Sibenik CRO"]
[Date "2009.09.25"]
[Round "5"]
[White "Bukal,V jr"]
[Black "Petrov,J"]
[Result "1/2-1/2"]
[WhiteElo "2394"]
[BlackElo "2436"]

1.d4 d5 2.c4 e6 3.Nc3 Be7 4.Nf3 Nf6 5.Bf4 O-O 6.e3 c5 7.dxc5 Bxc5 8.Qc2 Nc6
9.a3 Qa5 10.Nd2 Be7 11.Bg3 Bd7 12.Be2 Qb6 13.b4 Rfc8 14.O-O d4 15.c5 Qd8
16.Nce4 Nd5 17.Nc4 dxe3 18.fxe3 b5 19.Ncd6 Nxe3 20.Qd3 Nxf1 21.Rxf1 Be8 22.Nxc8 Rxc8
23.Qxd8 Nxd8 24.Bd6 Kf8 25.a4 a6 26.Bxe7+ Kxe7 27.Nd6 Rb8 28.axb5 Bxb5 29.Nxb5 axb5
30.Bf3 e5 31.Ra1 Ne6 32.Ra7+ Kf6 33.Bd5 Rd8 34.Bxe6 Kxe6 35.Rb7 e4 36.Rxb5 e3
37.Kf1 Rd2 38.Rb8 Rf2+ 39.Ke1 Kd5 40.Rd8+ Kc6 41.Rd6+ Kb5 42.Rb6+ Kc4 43.c6 Kd3
44.c7 Re2+ 45.Kd1 Rd2+ 46.Ke1 Re2+ 47.Kd1 Rd2+ 48.Ke1  1/2-1/2

[Event "1st Francophone Festival"]
[Site "Arvier ITA"]
[Date "2009.09.30"]
[Round "5"]
[White "Bazil,J"]
[Black "Guillaumat,JP"]
[Result "0-1"]
[WhiteElo "2152"]
[BlackElo "1953"]

1.d4 d5 2.c4 e6 3.Nc3 Nf6 4.Nf3 Be7 5.Bf4 O-O 6.e3 Nbd7 7.h3 a6 8.c5 c6 9.Bd3 Re8
10.O-O Nf8 11.b4 Ng6 12.Bh2 Nd7 13.Qc2 Bf6 14.Rad1 e5 15.dxe5 Ndxe5 16.Nxe5 Bxe5
17.Ne2 Bxh2+ 18.Kxh2 Qh4 19.Nd4 Qf6 20.a3 Re4 21.Rfe1 Bd7 22.f4 Re7 23.Qf2 Rae8
24.Bxg6 hxg6 25.g4 Re4 26.Kg3 g5 27.f5 Qe5+ 28.Kf3 g6 29.f6 Qxf6+ 30.Kg2 Qe7
31.Rd3 Kg7 32.Rf1 Rf8 33.Qb2 Qe5 34.Qf2 Bxg4 35.hxg4 Rxg4+ 36.Kf3 Qe4+ 37.Ke2 Rg2
38.Nf3 Rxf2+ 39.Rxf2 f6 40.Rd4 Qe6 41.Rd3 Re8 42.Kd2 Qe4 43.Ke2 g4 44.Nd2 Qe5
45.Rg2 f5 46.Kd1 Rh8 47.Nf1 Rh1 48.Ke2 Qa1 49.Rf2 Qc1 50.Rf4 Rg1  0-1

[Event "74th ch-ESP Absoluto"]
[Site "Palma de Mallorca ESP"]
[Date "2009.09.30"]
[Round "5"]
[White "Cabrera,Ale"]
[Black "Astasio Lopez,D"]
[Result "1-0"]
[WhiteElo "2529"]
[BlackElo "2315"]

1.d4 d5 2.c4 e6 3.Nf3 Nf6 4.Nc3 Be7 5.Bf4 O-O 6.e3 c6 7.c5 Nh5 8.Bd3 Nxf4
9.exf4 b6 10.b4 a5 11.a3 Ba6 12.O-O Bxd3 13.Qxd3 b5 14.bxa5 Rxa5 15.a4 bxa4
16.Qc2 Qc7 17.g3 a3 18.Na4 Nd7 19.Rxa3 Rfa8 20.Rfa1 f6 21.R3a2 g6 22.Qe2 Kf7
23.h4 h5 24.Kg2 Qa7 25.Nc3 Qc7 26.Rxa5 Rxa5 27.Re1 Nf8 28.Rb1 Nd7 29.Rb4 Ra7
30.Qb2 Kg7 31.Qb1 Kf7 32.Rb3 Bf8 33.Ne2 Be7 34.Nd2 Bd8 35.Nf1 Be7 36.Ne3 f5
37.Ng1 Bf6 38.Nf3 Kg7 39.Nc2 Kh7 40.Qe1 Nf8 41.Nb4 Rb7 42.Ra3 Kg7 43.Ra6 Kf7
44.Nxc6 Kg8 45.Nce5 Kg7 46.Qa1 Be7 47.Qa4 Kf6 48.Qe8 Kg7 49.Rxe6 Bf6 50.Rxf6  1-0

[Event "74th ch-ESP Absoluto"]
[Site "Palma de Mallorca ESP"]
[Date "2009.09.30"]
[Round "5"]
[White "Del Rey,D"]
[Black "Lorente Penalba,D"]
[Result "1-0"]
[WhiteElo "2419"]
[BlackElo "2120"]

1.d4 d5 2.c4 e6 3.Nf3 Nf6 4.Nc3 Be7 5.Bf4 O-O 6.e3 c5 7.dxc5 Bxc5 8.Qc2 Nc6
9.a3 Qa5 10.Nd2 Be7 11.Bg3 a6 12.Be2 d4 13.Nb3 Qd8 14.Rd1 e5 15.O-O Be6 16.Na4 b5
17.cxb5 axb5 18.Nac5 Bxb3 19.Nxb3 Qb6 20.exd4 exd4 21.Rc1 Rac8 22.Qd3 b4
23.a4 Nd7 24.Qb5 Bf6 25.Bg4 Qxb5 26.axb5 Nce5 27.Rxc8 Nxg4 28.Rxf8+ Kxf8
29.Bd6+  1-0

[Event "Chigorin Mem Open"]
[Site "St Petersburg RUS"]
[Date "2009.10.16"]
[Round "1"]
[White "Bellaiche,A"]
[Black "Reshetov,V"]
[Result "1-0"]
[WhiteElo "2435"]
[BlackElo "2126"]

1.Nf3 Nf6 2.c4 e6 3.d4 d5 4.Nc3 Be7 5.Bf4 O-O 6.e3 Nbd7 7.c5 Ne4 8.h4 Nxc3
9.bxc3 c6 10.Bd3 f5 11.g4 fxg4 12.Ng5 Nf6 13.Qc2 h6 14.Bh7+ Kh8 15.Bg6 Ne4
16.Bxe4 dxe4 17.Qxe4 Bxg5 18.hxg5 Qd5 19.Rxh6+ gxh6 20.Be5+ Qxe5 21.Qxe5+ Kh7
22.gxh6 Rf7 23.Qe4+ Kh8 24.Qg6  1-0

[Event "Bundesliga 2009-10"]
[Site "Eppingen GER"]
[Date "2009.10.18"]
[Round "2"]
[White "Tregubov,P"]
[Black "Gordon,S"]
[Result "1/2-1/2"]
[WhiteElo "2649"]
[BlackElo "2535"]

1.d4 Nf6 2.c4 e6 3.Nf3 d5 4.Nc3 Be7 5.Bf4 O-O 6.e3 Nbd7 7.Be2 dxc4 8.Bxc4 c5
9.dxc5 Nxc5 10.O-O b6 11.Qe2 a6 12.Rfd1 Qe8 13.a4 Bb7 14.Ne5 Ncd7 15.Nxd7 Nxd7
16.e4 Qc8 17.Rac1 Bc6 18.Bd5 Nc5 19.Bxc6 Qxc6 20.b4 Nb3 21.Nd5 Nxc1 22.Nxe7+ Kh8
23.Rxc1 Qxa4 24.Bd6 Qa3 25.Rd1 Qc3 26.h3 Rfd8 27.e5 a5 28.b5 a4 29.Nc6 Rd7
30.Qd3 Qb2 31.Rd2 a3 32.Nb4 Qxb4 33.Bxb4 Rxd3 34.Rxd3 a2 35.Bc3 a1=Q+ 36.Bxa1 Rxa1+
37.Kh2 g5 38.Rd6 Re1 39.Rxb6 Rxe5 40.Rb7  1/2-1/2